Investigaciones sobre minerales auriferos o guia para encontrarlos, reconocerlos y ensayarlos / (Record no. 156063)
[ view plain ]
| 000 -LEADER | |
|---|---|
| campo de control de longitud fija | 00943nam a2200181 i 4500 |
| 001 - NÚMERO DE CONTROL | |
| campo de control | 156063 |
| 003 - IDENTIFICADOR DE NÚMERO DE CONTROL | |
| campo de control | ES-MaACL |
| 005 - FECHA Y HORA DE LA ÚLTIMA TRANSACCIÓN | |
| campo de control | 20230906210316.0 |
| 008 - DATOS DE LONGITUD FIJA--INFORMACIÓN GENERAL | |
| campo de control de longitud fija | 990303s1850 sp |||| | spa d |
| 040 ## - FUENTE DE CATALOGACIÓN | |
| Centro catalogador/agencia de origen | CCPB | B |
| Lengua de catalogación | spa |
| Centro/agencia transcriptor | CCPB | B |
| 245 00 - MENCIÓN DEL TÍTULO | |
| Título | Investigaciones sobre minerales auriferos o guia para encontrarlos, reconocerlos y ensayarlos / |
| Mención de responsabilidad, etc. | por A.M.A. |
| 260 ## - PUBLICACIÓN, DISTRIBUCIÓN, ETC. | |
| Lugar de publicación, distribución, etc. | Madrid : |
| Nombre del editor, distribuidor, etc. | [s.n.], |
| Fecha de publicación, distribución, etc. | 1850 ( |
| Fabricante | Imprenta de la Viuda de Burgos) |
| 300 ## - DESCRIPCIÓN FÍSICA | |
| Extensión | 42 p., [1] h. de lám. pleg. ; |
| Dimensiones | 22 cm. |
| 530 ## - NOTA DISPONIBLE DE FORMULARIO FÍSICO ADICIONAL | |
| Nota de formato físico adicional disponible | Disponible en formato digital. |
| 650 #4 - PUNTO DE ACCESO ADICIONAL DE MATERIA--TÉRMINO DE MATERIA | |
| Término de materia o nombre geográfico como elemento de entrada | Minerales auríferos. |
| 9 (RLIN) | 136507 |
| 852 ## - LOCALIZACIÓN | |
| Ubicación | ES-MaACL |
| Número de control de estantería | T-339-F-12 |
| Nota libre | -- Enc. hol. |
| -- | -- An. ms.: ded. de Miguel Martínez Ginesta al Ateneo de Madrid |
| condición física | -- Falto de la cub. original |
| Nota libre | -- Enc. en un vol. facticio |
| Encuadernación | -- Edic.: en el catálogo del Ateneo consta que el autor es Martínez Alcíbar, Agustín |
| 856 ## - LOCALIZACIÓN Y ACCESO ELECTRÓNICOS | |
| Identificador Uniforme de Recursos | <a href="http://bdh-rd.bne.es/viewer.vm?id=0000076046&page=1 ">http://bdh-rd.bne.es/viewer.vm?id=0000076046&page=1 </a> |
| Nota pública | Biblioteca Digital Hispánica |
| Estatus retirado | Estado de pérdida | Estado de daño | No para préstamo | Colección | Biblioteca de origen | Biblioteca actual | Ubicación en estantería | Fecha de adquisición | Total de préstamos | Signatura topográfica completa | Código de barras | Visto por última vez | Precio de reemplazo | Tipo de ítem Koha |
|---|---|---|---|---|---|---|---|---|---|---|---|---|---|---|
| Colección de folletos | Biblioteca del Ateneo de Madrid | Biblioteca del Ateneo de Madrid | Depósito folletos | 17/01/2008 | T-339-F-12 | 1163270 | 23/02/2023 | 23/02/2023 | Folleto |
